Best Roller Coaster from each Country - Statistics

General Stats
  • This quiz has been taken 13 times
  • The average score is 20 of 36
Answer Stats
Continent Roller Coaster Country Rating % Correct
North America AlpenFury Canada 98,2%
100%
Europe Hyperia United Kingdom 97,4%
91%
North America Steel Vengeance United-States 99,9%
91%
Europe Toutatis France 98,8%
91%
Europe Untamed Netherlands 99,0%
91%
Europe Voltron Nevera Germany 98,8%
91%
Europe Zadra Poland 99,8%
91%
Europe Batman Gotham City Escape Spain 99,0%
82%
Oceania DC Rivals HyperCoaster Australia 96,8%
82%
Asia Eejanaika Japan 99,5%
82%
Asia Falcons Flight Saudi Arabia 100,0%
82%
Europe iSpeed Italy 95,5%
82%
Europe Ride to Happiness Belgium 99,5%
82%
Europe Taiga Finland 99,4%
82%
Asia T Express South Korea 98,3%
82%
Europe Wildfire Sweden 98,6%
82%
Asia Dinoconda China 99,3%
73%
Asia Flying Aces United Arab Emirates 96,9%
73%
North America Medusa Steel Coaster Mexico 95,2%
73%
Europe Fønix Denmark 96,3%
64%
Asia Gravity Max Taiwan 89,0%
64%
Asia Hyper Coaster Turkey 93,5%
64%
Europe Fianna Force Ireland 90,9%
55%
Europe Helios Austria 91,1%
55%
Europe Storm - The Dragon Legend Norway 84,5%
55%
Asia Battlestar Galactica - CYLON Singapore 86,9%
27%
Asia EpiQ Coaster Qatar 68,3%
27%
Asia Wrath of Zeus Vietnam 86,4%
18%
Europe Tobotronc Andorra 60,7%
9%
Europe Watercoaster Portugal 52,7%
9%
Europe Bobovka Czech Republic 47,6%
0%
Europe Mini Racer Cyprus 2,3%
0%
Europe Rodelbahn Switzerland 64,9%
0%
Asia Supersonic Odyssey Malaysia 72,0%
0%
Europe Tokyo Express Romania 8,4%
0%
Asia Vortex Thailand 27,1%
0%
No matching quizzes found
Score Distribution
Percent of People with Each Score
Percentile by Number Answered
Your Score History
You have not taken this quiz